000 00843cam a2200253 a 4500
001 000017568
003 UkOxU
005 20200929165144.0
008 860101s1964 sp b 000 0 spa d
035 _aOCLC ocm14124363 from D951023M
040 _aDO-SdBNP
_bspa
_cNOC
_dEQO
_dBNPHU
082 _a881.2
_bH584t
100 0 _aHesiodo.
_938332
245 1 4 _aLos trabajos y los días /
_cHesíodo ; prólogo, traducción del griego y notas por Antonio González Laso.
260 _aMadrid :
_bAguilar,
_c1964.
300 _a123 p. ;
_c20 cm.
490 1 _aBiblioteca de iniciación al humanismo.
650 4 _aPoesía griega
_95285
650 4 _aLiteratura griega
_92386
700 1 _aGonzález Laso, Antonio,
_epról.
_938333
830 0 _aBiblioteca de iniciación al humanismo.
_938334
910 _aCatalogación derivada
049 _aBNGR
999 _c17093
_d17093